000 00459nam a22001337a 4500
082 _a551.307
_bNAT
_cD
100 _aN.A. S. -N. R. C.
_940295
245 _aHighway research board bulletin 236 Landslide and foundation investigation and stability analysis
260 _aWashington
_bThe world bank washington, D.C.
_cC 1960.
300 _a67p. :
_bill.;
_c24 cm.
526 _a0
_b0
_c0
_d551_307000000000000_NAT
650 _aNUST / MCE
_926909
942 _2ddc
_cBK
999 _c544636
_d544636